00234nam a2200097Ia 4500008004100000100002000041245002900061260002200090942000700112999001700119190216s9999||||xx |||||||||||||| ||und|| aHarold E Palmer 0aGrammer Of English Words bEnglish Uty Press cBK c15190d15190